000 01432nam a2200337 4500
001 50
003 OSt
005 20250528074010.0
008 250122b |||||||e |||| 00| 1 eng d
040 _bpor
041 _hspa
_apor
082 _a863
_bB467c
100 1 _aBenítez, J. J.,
_d1946-
_9143
240 _aCaballo de Troya
245 _aOperação Cavalo de Troia /
_cBenitez, J. J. ; Tradução de Herminio Tricca
260 _aSão Paulo
_bMercuryo
_c1987
300 _a557 p.
490 1 _aCavalo de Troia
_vvol. 01
500 _aCavalo de Troia Jerusalem
520 _aRelato de um militar e cientista norte-americano que, como integrante de um projeto batizado pela NASA de OPERAÇÃO CAVALO DE TRÓIA, participou de uma experiência que lhe permitiu voltar quase dois mil anos no tempo e ser testemunha ocular da vida de Jesus Cristo. No segundo volume, o autor inclui as espantosas intrigas e revelações no tortuoso terreno da política internacional recente, além do segundo lançamento do berço, após a Ressurreição, assim como a Última Ceia com os Apóstolos.
650 0 _aLiteratura espanhola
_9144
650 0 _aFicção Científica
_963
650 0 _aViagem no tempo
_9145
650 0 _aAção
_964
650 0 _aReligião
_9100
655 0 _aRomance
_923
655 0 _aFicção
_922
700 _aHerminio Tricca
_eTradutor
_9146
830 _aCavalo de Troia
_vvol. 01
_9147
942 _2ddc
_n0
_cBK
999 _c50
_d50